En busca de un método para facilitar el trabajo de educadores con padres /

El artículo que sigue a continuación pretende explicar cómo los educadores, en vez de proponer recetas para ayudar a los padres a lograr sus ideales de familia, pueden trabajar en colaboración con las familias, motivando a los padres a reflexionar y explorar sus propias actitudes y potencialidades....

Descripción completa

Detalles Bibliográficos
Autor principal: Chadwick W., Mariana
Formato: Analitica de revista
Lenguaje:español

MARC

LEADER 00000cab a2200000 a 4500
001 026154
003 UAHC_CL
005 20180808121629.0
008 051214b xx j 000 1 spa
952 |0 0  |1 0  |2 ddc  |4 0  |6 BOL___INVEST__EDUC_14_99_000000000000000  |7 0  |8 COMP  |9 52941  |a BC  |b BC  |c General  |d 2017-08-03  |l 0  |o BOL. INVEST. EDUC.-14/99  |r 2018-01-17 00:00:00  |w 2017-08-03  |y REVA 
999 |c 26154  |d 26154 
040 |a UAHC_CL  |c UAHC_CL  |d UAHC_CL 
100 1 |a Chadwick W., Mariana 
245 1 0 |a En busca de un método para facilitar el trabajo de educadores con padres /  |c Mariana Chadwick. 
500 |a Boletín de Investigación Educacional (Santiago) 1999. vol.14, p. 67-79 
520 |a El artículo que sigue a continuación pretende explicar cómo los educadores, en vez de proponer recetas para ayudar a los padres a lograr sus ideales de familia, pueden trabajar en colaboración con las familias, motivando a los padres a reflexionar y explorar sus propias actitudes y potencialidades. Toda familia puede descubrir su particular estilo, coherente con sus convicciones y valores. Padres y madres necesitan confiar en sus propia intuición y sabiduría.\Este artículo también apunta a perfeccionar el conocimiento de los educadores respecto a la manera como funcionan las familias desde un enfoque sistemático. La primera sección presenta los conceptos básicos del funcionamiento familiar para facilitar el trabajo de educadores con padres. La segunda sección describe el compromiso profesional de la autora para invitar a los padres a reflexionar sobre sus propias familias; esta sección incluye: el origen de esta búsqueda; la elaboración de la metodología "Fortalecer nuestra Familia"; la presentación de un manual de autoayuda "Pensar mi Familia" y los resultados relativos a una experiencia sobre capacitación de conductores de talleres para padres. 
773 0 |t Boletín de Investigación Educacional.  |w 025995 
900 |a BOL. INVEST. EDUC.-14/99 
942 |c REVA  |2 ddc